Manual Teórico Practico de historia social dominicana : (Registro nro. 24108)

Detalles MARC
000 -LEADER
fixed length control field 00661nam a22001937a 4500
003 - CONTROL NUMBER IDENTIFIER
control field DO-CoUTE
005 - DATE AND TIME OF LATEST TRANSACTION
control field 20260414171911.0
008 - FIXED-LENGTH DATA ELEMENTS--GENERAL INFORMATION
fixed length control field 260414b dr ||||| |||| 00| 0 spa d
040 ## - CATALOGING SOURCE
Transcribing agency DO-CoUTE
082 ## - DEWEY DECIMAL CLASSIFICATION NUMBER
Classification number RD 972.93SA194
100 1# - MAIN ENTRY--PERSONAL NAME
Personal name Sanchez Javier, Leónidas
Relator term Autor
245 10 - TITLE STATEMENT
Title Manual Teórico Practico de historia social dominicana :
Remainder of title contenido para ayudar al conocimiento de la historia /
Statement of responsibility, etc. Leónidas sanchez javier
260 ## - PUBLICATION, DISTRIBUTION, ETC.
Place of publication, distribution, etc. Santo Domingo
Date of publication, distribution, etc. 2013
300 ## - PHYSICAL DESCRIPTION
Extent 115 Paginas :
Dimensions 23cm,
504 ## - BIBLIOGRAPHY, ETC. NOTE
Bibliography, etc. note Incluye referencia bibliográfica e índice.<br/>
650 #4 - SUBJECT ADDED ENTRY--TOPICAL TERM
Topical term or geographic name entry element historia
700 1# - ADDED ENTRY--PERSONAL NAME
Personal name Leónidas sanchez Javier
Relator term Autor
942 ## - ADDED ENTRY ELEMENTS (KOHA)
Source of classification or shelving scheme Dewey Decimal Classification
Koha item type Libros
Existencias
Withdrawn status Lost status Source of classification or shelving scheme Damaged status Not for loan Collection code Home library Current library Shelving location Date acquired Inventory number Total Checkouts Full call number Barcode Date last seen Copy number Price effective from Koha item type
    Dewey Decimal Classification     Colección Dominicana Biblioteca UTECO Biblioteca UTECO En Estantería 04/14/2026 023868   RD 972.93SA194 023868 04/14/2026 Ej.1 04/14/2026 Libros
© 2021 Derechos Reservados UTECO - Teléfono: +1 809-585-2291 - Correo electrónico: biblioteca@uteco.edu.do​  
Código postal 43000 ​​
Dirección: Avenida Universitaria No. 100, 
Cotuí, Provincia Sánchez Ramírez, República Dominicana - RNC: 404-00059-6